| 000 | 00804cam a2200205 4500 | ||
|---|---|---|---|
| 001 | WB3733-21 | ||
| 008 | 010906n2001 000 0 eng u | ||
| 035 | _a(Sirsi) u114471 | ||
| 245 | _aRICS launches global manifesto | ||
| 260 | _c2001 | ||
| 490 |
_aCSM (Chartered Surveyor Monthly) _v2 September 2001, 2(1) |
||
| 520 | _aThe RICS Global Manifesto will be launched by president Peter Faulkner on 26 September 2001. The consultative document addresses issues and recommended actions in a wide range of fields, such as the rural economy to property rights. Givesinstructions for accessing the live event via a streamed web cast. | ||
| 590 | _aWB | ||
| 650 | _aRICS | ||
| 650 | _aSURVEYING PROFESSION | ||
| 650 | _aCONSULTATION | ||
| 650 | _aGLOBAL ISSUES | ||
| 690 | _aRICS NEWS | ||
| 942 | _n0 | ||
| 999 |
_c68190 _d68190 |
||